| 000 | 00515nam a2200181 4500 | ||
|---|---|---|---|
| 999 |
_c188946 _d188946 |
||
| 005 | 20220608111919.0 | ||
| 010 | _aENG-133121 | ||
| 020 |
_a9788187775653 _c395.00 |
||
| 035 | _aEN-116653 | ||
| 037 | _bDBAD/PUB | ||
| 082 | _a004 | ||
| 100 | _aManoj Kumar Singh | ||
| 245 |
_aIntroduction to Computer/ _cManoj Kumar Singh |
||
| 260 |
_aNew Delhi _bAkashdeep Publications _c2014 |
||
| 270 |
_a1/1079-E, Mehrouli _bNew Delhi _e110030 |
||
| 300 |
_a176p. _c22cm(hbk) |
||
| 942 |
_2ddc _cEN _h004 _mMAN |
||